|
|
|
|
| LEADER |
01740nam a22005052i 4500 |
| 001 |
001536353 |
| 003 |
CZ BrMZK |
| 005 |
20160818102453.0 |
| 007 |
ta |
| 008 |
160721s1969 sz er||||||||||bger d |
| 040 |
|
|
|a ABD027
|b cze
|d BOA001
|e rda
|
| 043 |
|
|
|a e-gx---
|
| 045 |
|
|
|a x0x4
|
| 072 |
|
7 |
|a 27
|x Křesťanství. Křesťanská církev všeobecně. Eklesiologie
|2 Konspekt
|9 5
|
| 072 |
|
7 |
|a 929
|x Biografie
|2 Konspekt
|9 8
|
| 080 |
|
|
|a 274/278-1-051
|2 MRF
|
| 080 |
|
|
|a 323.28-051
|2 MRF
|
| 080 |
|
|
|a [323.28:329.17]-058.6
|2 MRF
|
| 080 |
|
|
|a 929
|2 MRF
|
| 080 |
|
|
|a 27-674.5
|2 MRF
|
| 080 |
|
|
|a (430)
|2 MRF
|
| 080 |
|
|
|a (092)
|2 MRF
|
| 100 |
1 |
|
|a Geiger, Max,
|d 1922-1978
|7 mub2012712843
|4 aut
|
| 245 |
1 |
0 |
|a Bonhoeffer :
|b Zeugnis in Kirche und Welt /
|c Max Geiger
|
| 264 |
|
1 |
|a Basel :
|b Friedrich Reinhardt,
|c [1969]
|
| 264 |
|
4 |
|c ©1969
|
| 300 |
|
|
|a 44 stran
|
| 336 |
|
|
|a text
|b txt
|2 rdacontent
|
| 337 |
|
|
|a bez média
|b n
|2 rdamedia
|
| 338 |
|
|
|a svazek
|b nc
|2 rdacarrier
|
| 500 |
|
|
|a Obsahuje bibliografii
|
| 600 |
1 |
7 |
|a Bonhoeffer, Dietrich,
|d 1906-1945
|7 jn19990000925
|2 czenas
|
| 648 |
|
7 |
|a 20. století
|7 ch460558
|2 czenas
|
| 648 |
|
4 |
|a 1906-1945
|
| 648 |
|
7 |
|a 1939-1945
|7 ch460653
|
| 648 |
|
4 |
|a 1943-1944
|
| 650 |
0 |
7 |
|a protestantští teologové
|7 ph124665
|z Německo
|y 20. století
|2 czenas
|
| 650 |
0 |
7 |
|a političtí vězni
|7 ph124262
|z Německo
|y 1939-1945
|2 czenas
|
| 650 |
0 |
7 |
|a oběti nacismu
|7 ph123641
|z Německo
|2 czenas
|
| 650 |
0 |
7 |
|a náboženská perzekuce
|7 ph117342
|z Německo
|y 1939-1945
|2 czenas
|
| 655 |
|
7 |
|a biografie
|7 fd131909
|2 czenas
|
| 910 |
|
|
|a BOA001
|b MX-1058.363
|
| 990 |
|
|
|a BK
|
| 991 |
|
|
|b 201605
|
| 996 |
7 |
|
|b 2610676663
|c MX-1058.363
|l MZK
|r Sklad / do 24 hodin
|n 0
|p dar
|w 001571241
|u 000010
|a 1
|e BOA001
|j MZK50
|s A
|